Responses for show #6317 - Tuesday, February 21, 2012

2012-A Teachers Tournament quarterfinal game 5.

Contestants

[<< previous game]

Pian Wong, a high school English teacher from New York, New York

Justin Hofstetter, a sixth and seventh grade language arts and social studies teacher from Kansas City, Missouri

Leslie Decker, a high school German and ESL teacher from Austin, Texas

[next game >>]

Jeopardy! Round responses

LET'S HEAR THE COMPOSER'S FIRST (NAME)
THE ALL-STAR GAME MVP
TRADEMARKS
THE WEDDING PLANNER
ACTS OF CONGRESS
CROSSWORD CLUES "S"
    $200 26
Gustav

Leslie
    $200 21
Kobe Bryant

Justin
    $200 16
escalator

Justin
    $200 11
June

Pian
    $200 6
tariffs

Justin
    $200 1
suspenders

Pian
    $400 27
(Justin: What is Horatio?)

Edward

Justin
Triple Stumper
    $400 22
Peyton Manning

Justin
    $400 17
Q-Tips

Justin
    $400 12
Prince William & Kate Middleton

Leslie
    $400 7
No Child Left Behind

Leslie
    $400 2
sway

Justin
    $600 28
Sergei

Leslie
    $600 23
Derek Jeter

Justin
    $600 18
Wite-Out

Justin
    $600 13
Central Park

Pian
    $600 8
the Civil Rights Act

Triple Stumper
    $600 3
salesman

Justin
    $800 29
Niccolò

Triple Stumper
    $800 24
(Wayne) Gretzky

Pian
    $800 19
hacky sack

Justin
    $800 14
Jennifer Lopez

Justin
    $800 9
(John) Sherman

Justin
    $800 4
sabbatical

Pian
    $1000 30
Gian Carlo

Triple Stumper
    $1000 25
(Justin: What is Clemente?)

Alomar

JustinPian
    $1000 20
a Pillsbury bake-off

Pian
    $1000 15
Lord Byron

Justin
    $3,000 10
(Justin: What is the "I Just Lost $3,000 Act"?)
[Laughter]

the Lend-Lease Act

Justin
    $1000 5
sanctify

Justin

Scores at the first commercial break (after clue 15):

Leslie Justin Pian
$800 $1,800 $1,800

Scores at the end of the Jeopardy! Round:

Leslie Justin Pian
$1,600 $3,600 $4,600

Double Jeopardy! Round responses

A HELL OF A QUOTE
MESSING WITH YOUR BRAIN
TEACHER'S "PET"
WAR, WHO YA GOT?
NOT TO BE CONFUSED
DEATH ON A SITCOM
    $400 18
Emily Dickinson

Justin
    $400 26
electricity

Justin
    $400 6
a petition

Pian
    $400 11
Sparta

Justin
    $400 16
the shoulders

Pian
    $400 1
M*A*S*H

Leslie
    $6,000 19
Paradise Lost

Justin
    $800 27
water

Justin
    $800 7
a petticoat

Justin
    $4,000 12
Carthage

Justin
    $800 17
forceps

Justin
    $800 2
The Mary Tyler Moore Show

Triple Stumper
    $1200 20
(Alex: Think of Clint Eastwood's film, [*], Pale Rider

pale horse

Triple Stumper
    $1200 28
clot(ting)

Pian
    $1200 8
a petunia

Justin
    $1200 13
Lancaster

Leslie
    $1200 23
(Fernando) Valenzuela

Leslie
    $1200 3
Edith Bunker

Justin
    $1600 21
No Exit

Justin
    $1600 29
noninvasive

Pian
    $1600 9
petnapping

Justin
    $1600 14
Turkey

Triple Stumper
    $1600 24
pastries

Pian
    $1600 4
Scrubs

Justin
    $2000 22
Thomas Paine

Justin
    $2000 30
(Justin: What is a hemorrhage?)

hematoma (or aneurysm)

JustinPian
    $2000 10
petrified

Justin
    $2000 15
Spain & Portugal

Triple Stumper
    $2000 25
(Honoré de) Balzac

Justin
    $2000 5
Growing Pains

Leslie

Scores at the end of the Double Jeopardy! Round:

Leslie Justin Pian
$6,400 $28,400 $11,800
(lock game)

Final Jeopardy! Round responses

ASIAN BORDERS
LeslieWhat are Pakistan & Afghanistan?
$6,399
PianWhat is the [illegible]
$10,112
JustinWhat are India and Pakistan?
$1,711
Pakistan & Afghanistan

Final scores:

Leslie Justin Pian
$12,799 $26,689 $1,688
2nd place: $5,000 if eliminated Automatic semifinalist 3rd place: $5,000 if eliminated

Game dynamics:

Coryat scores:

Leslie Justin Pian
$6,400 $23,000 $11,800
8 R,
0 W
30 R
(including 2 DDs),
4 W
(including 1 DD)
13 R,
0 W

Combined Coryat: $41,200

The J! Archive is created by fans, for fans. The Jeopardy! game show and all elements thereof, including but not limited to copyright and trademark thereto, are the property of Jeopardy Productions, Inc. and are protected under law. This website is not affiliated with, sponsored by, or operated by Jeopardy Productions, Inc. Join the discussion at JBoard.tv.